00771nam a2200253 a 4500001001300000003000900013005001700022008004100039020001000080082001800090100002900108245005000137260004200187300000900229500003500238505002400273650001700297650002300314700002900337902000800366942000700374952011900381999001700500nice12345678IN_TiNIC20260116013518.0050524s1983 dela grp 000 0 eng  ac20000a954.025bSID1 aSiddiqui, Iqtidar Husain aMughal Relations With the Indian Ruling Elite aDelhibMunshiram Manoharlal Pubc1983 a203p aincludes index and biblioraphy2 abibliography, index aMughal India aNobles and Mughals1 aSiddiqui, Iqtidar Husain bSRS cBK 001040708StackRoom-aHMIbHMId2007-04-04g200.00l0o954.025 SID1p017271r2007-04-04v200.00w2005-05-24yBK c11282d11282